Semblanzas de mujeres medievales.
Guardat en:
| Autor principal: | |
|---|---|
| Format: | Desconegut |
| Publicat: |
Barcelona, España; Buenos Aires, Argentina:
Miño y Dávila editores,
2022
|
| Edició: | 1a ed. |
| Col·lecció: | Colección Lejos y Cerca
|
| Matèries: | |
| Etiquetes: |
Afegir etiqueta
Sense etiquetes, Sigues el primer a etiquetar aquest registre!
|
MARC
| LEADER | 00000 a2200000 4500 | ||
|---|---|---|---|
| 003 | CL-VaPUC | ||
| 005 | 20221107104557.0 | ||
| 008 | 221019t2022 ||||| |||| 00| 0 eng d | ||
| 999 | |c 438730 |d 438728 | ||
| 020 | |a 978-84-18929-32-8 | ||
| 040 | |c Pontificia Universidad Católica de Valparaíso | ||
| 082 | 7 | |a 305.4094 GUG 2022 |2 22 | |
| 100 | |a Guglielmi, Nilda |9 588270 |e autora | ||
| 245 | |a Semblanzas de mujeres medievales. | ||
| 250 | |a 1a ed. | ||
| 260 | |a Barcelona, España; |a Buenos Aires, Argentina: |b Miño y Dávila editores, |c 2022 | ||
| 300 | |a 327 páginas. | ||
| 490 | |a Colección Lejos y Cerca | ||
| 583 | |k GC |c 20221019 | ||
| 650 | |a Mujeres |x Estudio histórico |y Siglos 2-16 |9 878036 | ||
| 650 | |a Imágenes femeninas |y Siglos 2-16 |9 878037 | ||
| 942 | |2 ddc |c BK | ||
| 952 | |0 0 |1 0 |2 ddc |4 0 |6 305_409400000000000_GUG_2022 |7 0 |8 A |9 587278 |a BIBHIS |b BIBHIS |c GEN |d 2022-10-14 |e 3 |g 33714.00 |i 5655211 |o 305.4094 GUG 2022 |p 5655211 |r 2025-01-20 |t 1 |v 33714.00 |w 2022-10-14 |y BK |k HIS | ||